000 00909nam a2200241 i 4500
001 bg
245 0 0 _aZarys finansów publicznych i prawa finansowego /
_cpod red. Wandy Wójtowicz ; [aut.] Wanda Wójtowicz [et al.].
250 _aWyd.2, stan prawny na dzień 1 lipca 2003 r.
260 _aKraków :
_bOficyna Ekonomiczna. Oddział Polskich Wydawnictw Profesjonalnych,
_c2003.
300 _a424 s. ;
_c24 cm.
504 _aBibliogr. przy rozdz.
650 9 _aFinanse publiczne
_xprawo
_zPolska
_ystan na 2003 r.
655 _aPodręczniki akademickie
700 1 _aWÓJTOWICZ, Wanda
_d(1941- ).
_eRed.
020 _a8372849250
040 _cBPK
041 0 _apol
080 _a347.73:336.1](438)(075.8)
920 _a83-7284-925-0
942 _cKS
008 s pl f |000 0 pol
999 _c43310
_d43310
856 _uhttp://koha.tu.koszalin.pl/cgi-bin/koha/opac-detail.pl?biblionumber=43310
_yKatalog online BPK